Les plus gros transferts du football - Arrières droits - 2012-2013 - Statistiques

Statistiques générales
  • Ce quiz a été pris 15 fois
  • Le résultat moyen est 4 sur 10
Statistiques - réponses
Montant de transfert (M €) Nationalité Venant de Allant à Joueur % Correct
8,80 Espagne Marseille Chelsea César Azpilicueta
92%
6,00 Pays-Bas Ajax Paris SG Gregory van der Wiel
69%
6,20 France LOSC Lille Newcastle United Mathieu Debuchy
62%
5,00 Espagne Real Madrid Castilla Bayer Leverkusen Daniel Carvajal
54%
13,90 Chili Udinese Juventus Turin Mauricio Isla
54%
10,50 Brésil / Russie Grêmio CSKA Moscou Mário Fernandes
46%
8,00 Italie Inter Udinese Davide Faraoni
8%
4,00 Russie Loko Moscou Anzhi Andrey Eshchenko
0%
4,00 Russie Loko Moscou Krasnodar Vladislav Ignatjev
0%
5,40 Brésil Fluminense Chelsea Wallace Oliveira
0%
Aucun quiz correspondant
Distribution des résultats
% des personnes avec chaque résultat
Percentile par nombre de réponses
Votre historique - résultats
Vous n’avez pas pris ce quiz